UBT Library

FINANCIAL ACCOUNTING (Record no. 60105)

000 -LEADER
fixed length control field 00336nam a22001457a 4500
008 - FIXED-LENGTH DATA ELEMENTS--GENERAL INFORMATION
fixed length control field 230706b ||||| |||| 00| 0 eng d
020 ## - INTERNATIONAL STANDARD BOOK NUMBER
International Standard Book Number 9781618530400
041 ## - LANGUAGE CODE
Language code of text/sound track or separate title eng
080 ## - UNIVERSAL DECIMAL CLASSIFICATION NUMBER
Edition identifier SECOND EDITION
Universal Decimal Classification number 336.2
082 ## - DEWEY DECIMAL CLASSIFICATION NUMBER
Classification number 336.2FER
100 ## - Rafti
Rafti 22
101 ## - Shkurtesa
Shkurtesa MBE
245 ## - TITLE STATEMENT
Title FINANCIAL ACCOUNTING
Statement of responsibility, etc FERRIS .R .K
942 ## - ADDED ENTRY ELEMENTS (KOHA)
Source of classification or shelving scheme
Item type Books
Holdings
Withdrawn status Lost status Source of classification or shelving scheme Damaged status Not for loan Collection code Permanent location Current location Date acquired Total Checkouts Full call number Barcode Date last seen Price effective from Koha item type
          Koleksioni i përgjithshem UBT - Lipjan UBT - Lipjan 07/06/2023   336.2FER 002-800080777 07/06/2023 07/06/2023 Books
          Koleksioni i përgjithshem UBT - Lipjan UBT - Lipjan 07/06/2023   336.2FER 002-800080786 07/06/2023 07/06/2023 Books
          Koleksioni i përgjithshem UBT - Lipjan UBT - Lipjan 07/06/2023   336.2FER 002-800080787 07/06/2023 07/06/2023 Books
UBT Library © 2015-2024. All rights reserved University Education for Business and Technology